000 00783nam a2200253Ia 4500
003 OSt
005 20220928120824.0
006 a|||||r|||| 00| 0
007 ta
008 220927b |||||||| |||| 00| 0 eng d
020 _c3275.9560000000001
024 _a109307
037 _b651, 22/09/2010, Insat Books and Periodicals
_cTextual
040 _aSDCL
_cSDCL
_beng
041 _2eng
_aeng
082 _aB271, Q0
100 _aDechaumphai P
_9451308
245 0 _aFinite element method
_b Fundamentals and applications.
260 _aOxford
_bAlpha Science International
_c2010
300 _axii,556p.
_ccm.
650 _aMathematics
942 _hB271, Q0
_cTEXL
_2CC
999 _c765385
_d765385